STN EN 61936-1: 2011 (33 3201) [neplatná], Silnoprúdové inštalácie na striedavé napätia prevyšujúce 1 kV Časť 1 Spoločné pravidlá

Táto norma je slovenskou verziou európskej normy EN 61936-1: 2010 vrátane EN 61936-1: 2010/AC: 2011. Preklad zabezpečil Slovenský ústav technickej normalizácie. Má rovnaké postavenie ako majú oficiálne verzie

Bibliographic Details
Other Authors: Čatlošová, Gabriela (Translator), Čatloš, Marcel (Translator)
Format: Book
Language:Slovak
English
PhysicalDescription:108 strán obrázky, tabuľky 30 cm
Published: Bratislava Slovenský ústav technickej normalizácie 2011
Subjects:

MARC

LEADER 00000cam a2200000 a 4500
001 vtls010302768
003 SK-MaSNL
005 20260512081156.0
008 130117s2011 xo a f nu 000 0 slo
015 |a SNBN2013 
020 |c (cen. skup. 18) 
040 |a SNK  |b slo  |c SNK  |e AACR2 
041 1 |a slo  |h eng 
044 |a xo  |c SK 
046 |a m  |m 20110801 (účin.)  |n 20240811 (zruš.) 
072 7 |a 621.3  |x Elektrotechnika  |2 konspekt 
072 7 |a 696  |x Inštalácie  |2 konspekt 
080 |a 621.316  |2 2001 
080 |a 696.6  |2 2001 
080 |a 006.7/.8  |2 2001 
080 |a (437.6)  |2 2001 
080 |a (4)  |2 2001 
084 |a 29.020  |2 ICS 
084 |a 29.080.01  |2 ICS 
130 0 |a STN 33 3201 (STN EN 61936-1) [neplatná]  |9 748672 
245 1 0 |a STN EN 61936-1: 2011 (33 3201) [neplatná], Silnoprúdové inštalácie na striedavé napätia prevyšujúce 1 kV  |n Časť 1  |p Spoločné pravidlá 
246 1 0 |a Silnoprúdové inštalácie na striedavé napätia prevyšujúce 1 kV 
246 1 0 |a Spoločné pravidlá 
246 3 0 |a EN 61396-1: 2010 SK 
260 |a Bratislava  |b Slovenský ústav technickej normalizácie  |c 2011 
300 |a 108 strán  |b obrázky, tabuľky  |c 30 cm 
500 |a Súbežný názov v angličtine, francúzštine, nemčine 
500 |a Táto norma spolu s STN EN 50522 z augusta 2011 nahrádza STN 33 3201 z júna 2004 v celom rozsahu. STN 33 3201 z júna 2004 sa môže súbežne s touto normou používať do 1.11.2013 
500 |a Norma je nahradená anglickou verziou normy STN EN IEC 61936-1 z novembra 2021 v celom rozsahu a môže sa s ňou súbežne používať do 11.8.2024 
500 |a Táto norma sa bez zmeny STN EN 61936-1/A1 z decembra 2016 môže používať do 2.4.2017 
500 |a Spracovateľ: INFOSERVIS Krompachy, Gabriela Čatlošová, Marcel Čatloš 
504 |a Citované normy, súvisiace právne predpisy na strane 2-4 a bibliografia na strane 93-95 
520 8 |a Táto norma je slovenskou verziou európskej normy EN 61936-1: 2010 vrátane EN 61936-1: 2010/AC: 2011. Preklad zabezpečil Slovenský ústav technickej normalizácie. Má rovnaké postavenie ako majú oficiálne verzie 
540 |a STN vydané na akomkoľvek nosiči sa môžu rozmnožovať a rozširovať iba so súhlasom určenej právnickej osoby  |b SÚTN Bratislava  |c zákon 264/1999 Z.z. 
650 0 7 |a elektrické inštalácie  |2 SNKPH  |9 67471 
650 0 7 |a technické normy a štandardy  |z Slovensko  |2 SNKPH  |9 79594 
650 0 7 |a technické normy a štandardy  |z krajiny Európskej únie  |2 SNKPH  |9 289341 
650 0 7 |a Electric wiring  |2 SNKPHeng  |9 291772 
655 7 |a normy  |2 SNKPH  |9 70643 
700 1 |a Čatlošová, Gabriela  |4 trl  |9 297358 
700 1 |a Čatloš, Marcel  |4 trl  |9 291773 
710 2 |a INFOSERVIS (Krompachy, Slovensko)  |4 stn  |9 297359 
710 |a Slovenský ústav technickej normalizácie (Bratislava, Slovensko).  |b Technická komisia č. 43 Elektroenergetika  |4 stn  |9 314939 
774 1 8 |t STN 33 3201: 2004  |d Bratislava: Slovenský ústav technickej normalizácie, 2004  |w vtl009928262 
774 1 8 |t STN EN 61936-1/A1: 2016  |d Bratislava: Úrad pre normalizáciu, metrológiu a skúšobníctvo SR, 2016  |w vtls011598664 
852 |a Štátna vedecká knižnica v Banskej Bystrici 
958 |a NB 
958 |a OP 
999 |c 1179331  |d 1181261 
952 |a SNK  |b SNK  |y PREZ  |7 0  |p 17A0717062  |o snkSTN EN 61936-1  |i snk2011/18187  |8 0  |0 0  |1 0  |4 0  |d 2011-09-02  |l 0  |r 2026-02-24 21:33:37  |w 2026-02-24 
952 |a SNK  |b SNK  |y PREZ  |7 0  |p 17A0717063  |o snkSTN EN 61936-1 D1  |i snk2011/18188  |8 0  |0 0  |1 0  |4 0  |d 2011-09-02  |l 0  |r 2026-02-24 21:33:37  |w 2026-02-24